000 01065cab a2200289 4500
001 ABS55523
008 090401t1996 xxu||||| |||| 00| 0 eng d
035 _a(Sirsi) u17128
041 _aeng
100 _aPatterson, A.
245 _aProperty: a Labour of love?
260 _c1996
350 _a0
490 _aValuer (ISVA)
_v65(4) July/August 1996, 4-5(2)
520 _aConsiders the economic situation a Labour government may inherit and how they may perform. Applies possible effects on the stock and property markets including town centre versus out-of-town conflicts, subsequent transport policy, greater local authority planning power, and the effects of rental value growth and inflation on investment.
650 _aINFLATION
650 _aLABOUR PARTY
650 _aLOCAL AUTHORITIES
650 _aOUT-OF-TOWN DEVELOPMENT
650 _aPROPERTY MARKET
650 _aRENTAL VALUES
650 _aTOWN CENTRES
650 _aTRANSPORT POLICY
690 _aPROPERTY-PROPERTY FINANCE AND INVESTMENT
942 _n0
948 _c04/03/1997
999 _c11355
_d11355